ბათუმის შოთა რუსთაველის სახელმწიფო უნივერსიტეტის ბიბლიოთეკა

International Journal of American Linguistics : (ბიბ.ჩანაწერი № 59300)

000 -LEADER
fixed length control field 00580nam a22001697a 4500
005 - DATE AND TIME OF LATEST TRANSACTION
control field 20230116122129.0
008 - FIXED-LENGTH DATA ELEMENTS--GENERAL INFORMATION
fixed length control field 230116c2022 enk||||| |||| 00| 0 eng d
041 ## - LANGUAGE CODE
Language code of text/sound track or separate title eng
245 ## - TITLE STATEMENT
Title International Journal of American Linguistics :
Remainder of title 2022 /
Statement of responsibility, etc. Editor : David Beck, Fernando Zuniga.
260 ## - PUBLICATION, DISTRIBUTION, ETC.
Place of publication, distribution, etc. Chicago,
Date of publication, distribution, etc. 2022.
300 ## - PHYSICAL DESCRIPTION
Extent V.
Other physical details 28 cm.
653 ## - INDEX TERM--UNCONTROLLED
Uncontrolled term ლინგვისტიკა
653 ## - INDEX TERM--UNCONTROLLED
Uncontrolled term პერიოდიკა
700 ## - ADDED ENTRY--PERSONAL NAME
Personal name Beck, David
Relator term რედაქტორი
9 (RLIN) 5279
700 ## - ADDED ENTRY--PERSONAL NAME
Personal name Zuniga, Fernando
Relator term რედაქტორი
9 (RLIN) 16675
942 ## - ADDED ENTRY ELEMENTS (KOHA)
Source of classification or shelving scheme
Koha item type პერიოდიკა

არაა ხელმისაწვდომი ეგზემპლარები.